[Event "XII Sabadell Open 2019"]
[Site "Sabadell"]
[Date "2019.09.10"]
[Round "9.12"]
[White "Fernandez Aguilar, Francisco"]
[Black "Navajas Alvarez, Josep"]
[Result "1-0"]
[WhiteElo "2040"]
[BlackElo "1731"]
[Annotator "NA RC"]
[PlyCount "165"]
[EventDate "2019.09.01"]
[EventCountry "ESP"]
[SourceTitle "playchess.com"]
[Source "ChessBase"]
[SourceQuality "1"]
[TimeControl "5400+30"]

1. Nf3 {[%emt 0:00:00]} Nf6 {[%emt 0:00:00]} 2. g3 {[%emt 0:00:00]} g6 {[%emt 0:00:19]} 3. Bg2 {[%emt 0:00:00]} Bg7 {[%emt 0:00:06]} 4. O-O {[%emt 0:00:00]} O-O {[%emt 0:00:06]} 5. d4 {[%emt 0:00:00]} d5 {[%emt 0:01:02]} 6. c4 {[%emt 0:00:40]} c6 {[%emt 0:00:35]} 7. Qb3 {[%emt 0:00:31]} Qb6 {[%emt 0:00:58]} 8. Nc3 {[%emt 0:00:12]} dxc4 {[%emt 0:01:47]} 9. Qxc4 {[%emt 0:00:57]} Be6 {[%emt 0:01:07]} 10. Qa4 {[%emt 0:02:17]} h6 {[%emt 0:09:43] D78: Fianchetto Grünfeld: 6 0-0 c6} (10... Na6 11. Rd1 Rfd8 12. h3 c5 13. dxc5 Nxc5 14. Rxd8+ Rxd8 15. Qa3 Nfe4 16. Be3 Nxc3 17. bxc3 Rc8 18. Ng5 Qc7 19. Qxa7 {1-0 (27) Wojtaszek,R (2705)-Melkumyan,H (2615) Warsaw 2011}) 11. e4 {[%emt 0:05:49]} Rd8 {[%emt 0:01:31]} 12. h3 {[%emt 0:02:32]} Nbd7 {[%emt 0:03:33]} 13. Qc2 $146 {[%emt 0:10:40]} ({Predecessor:} 13. Rd1 a5 14. Qc2 Qa6 15. Ne2 a4 16. Re1 Bc4 17. Nc3 b5 18. Nd2 {1-0 (92) Juhasz,K (2272)-Ngo Tan,D (2141) Budapest 2011}) 13... Rac8 {[%emt 0:03:14]} 14. Be3 {[%emt 0:01:01]} Qa5 {[%emt 0:12:29]} 15. Qe2 {[%emt 0:31:13]} Nb6 {[%emt 0:00:00]} 16. Nd2 {[%emt 0:03:50]} Na4 {[%emt 0:03:06]} 17. Nb3 {[%emt 0:02:48]} Nxc3 {[%emt 0:00:00]} 18. bxc3 {[%emt 0:04:17]} Qxc3 {[%emt 0:08:11]} 19. Rfc1 {[%emt 0:04:23]} Qb4 {[%emt 0:04:05]} 20. Nc5 {[%emt 0:08:33]} Qb5 {[%emt 0:10:03]} 21. Qc2 {[%emt 0:03:45]} b6 {[%emt 0:20:29]} 22. Rab1 {[%emt 0:01:56]} Qc4 {[%emt 0:00:18]} 23. Qxc4 {[%emt 0:03:11]} Bxc4 {[%emt 0:00:07]} 24. Rxc4 {[%emt 0:00:21]} bxc5 {[%emt 0:00:55]} 25. Rxc5 {[%emt 0:01:07]} Nd7 {[%emt 0:02:45]} 26. Rc2 {[%emt 0:01:37]} Nb6 {[%emt 0:03:14]} 27. e5 {[%emt 0:04:42]} c5 {[%emt 0:01:17]} 28. dxc5 {[%emt 0:00:13]} Bxe5 {[%emt 0:03:01]} 29. Rbc1 {[%emt 0:06:10]} Nd5 {[%emt 0:03:20]} 30. Bxd5 {[%emt 0:00:00]} Rxd5 {[%emt 0:00:10]} 31. c6 {[%emt 0:00:00]} Rc7 {[%emt 0:01:52]} 32. Bxh6 {[%emt 0:00:00]} f6 {[%emt 0:02:13]} 33. Be3 {[%emt 0:00:00]} Rd8 {[%emt 0:01:33]} 34. Kg2 {[%emt 0:00:28]} Rdc8 {[%emt 0:00:47]} 35. Bd2 {[%emt 0:00:11]} Bd4 {[%emt 0:01:40]} 36. Ba5 {[%emt 0:00:46]} Bb6 {[%emt 0:00:00]} 37. Bxb6 {[%emt 0:00:23]} axb6 {[%emt 0:00:00]} 38. h4 {[%emt 0:00:08]} Kf7 {[%emt 0:00:00]} 39. g4 {[%emt 0:00:27]} Ke6 {[%emt 0:00:23]} 40. Re2+ {[%emt 0:01:35]} Kf7 {[%emt 0:00:19]} 41. Rec2 {[%emt 0:00:19]} Ke6 {[%emt 0:00:05]} 42. Kg3 {[%emt 0:00:25]} Kf7 {[%emt 0:00:36]} 43. Rc3 {[%emt 0:00:36]} Kg7 {[%emt 0:01:05]} 44. R1c2 {[%emt 0:00:11]} Kf7 {[%emt 0:00:19]} 45. Kf3 {[%emt 0:00:03]} e6 {[%emt 0:00:23]} 46. Ke4 {[%emt 0:00:48]} Ke7 {[%emt 0:00:15]} 47. Kf3 {[%emt 0:00:57]} Kf7 {[%emt 0:00:22]} 48. Kg3 {[%emt 0:00:04]} Kg7 {[%emt 0:00:06]} 49. f4 {[%emt 0:00:11]} Kf7 {[%emt 0:00:11]} 50. Kf2 {[%emt 0:01:53]} Ke7 {[%emt 0:00:08]} 51. Kg2 {[%emt 0:01:14]} Kf7 {[%emt 0:00:34]} 52. Kh3 {[%emt 0:01:19]} Kg7 {[%emt 0:00:09]} 53. Rc1 {[%emt 0:00:26]} Kf7 {[%emt 0:00:12]} 54. Rc4 {[%emt 0:00:55]} Ke7 {[%emt 0:00:11]} 55. Kg2 {[%emt 0:00:02]} Kf7 {[%emt 0:00:06]} 56. R1c3 {[%emt 0:00:31]} Kg7 {[%emt 0:00:20]} 57. a4 {[%emt 0:00:58]} Kf7 {[%emt 0:00:15]} 58. Kg3 {[%emt 0:00:21]} Kg7 {[%emt 0:00:03]} 59. Kf3 {[%emt 0:00:04]} Kf7 {[%emt 0:00:03]} 60. Rc2 {[%emt 0:00:33]} Ke7 {[%emt 0:00:11]} 61. Rc1 {[%emt 0:00:17]} Kf7 {[%emt 0:00:04]} 62. g5 {[%emt 0:00:43]} f5 {[%emt 0:00:54]} 63. R1c3 {[%emt 0:00:31]} Ke8 {[%emt 0:00:51]} 64. Re3 {[%emt 0:00:37]} Kf7 {[%emt 0:00:19]} 65. Rec3 {[%emt 0:00:07]} Ke8 {[%emt 0:00:16]} 66. Kg3 {[%emt 0:00:16]} Kf7 {[%emt 0:00:05]} 67. Rc2 {[%emt 0:00:08]} Ke8 {[%emt 0:00:26]} 68. h5 {[%emt 0:00:47]} (68. Kf2 $142) 68... gxh5 {[%emt 0:00:51]} 69. Kh4 {[%emt 0:00:09]} Kf7 {[%emt 0:00:04]} 70. Kg3 {[%emt 0:01:14]} (70. R2c3 $16) 70... Ke7 {[%emt 0:00:41]} 71. Kf3 {[%emt 0:00:34]} Kf7 {[%emt 0:00:08]} 72. Ke3 {[%emt 0:00:29]} Ke7 {[%emt 0:00:06]} 73. Ke2 {[%emt 0:01:03]} Ke8 {[%emt 0:00:24]} 74. R2c3 {[%emt 0:00:10]} Kf8 {[%emt 0:00:35]} (74... h4 $11 {keeps the balance.}) 75. Kd2 {[%emt 0:00:48]} Ke8 $2 {[%emt 0:00:14] [#]} (75... h4 $11 {and Black is okay.}) 76. Kc2 $1 {[%emt 0:00:17]} Ke7 {[%emt 0:00:27]} 77. Kb3 {[%emt 0:00:36]} Kd6 $2 {[%emt 0:01:03]} (77... Ra8 78. Rb4 Ra6) 78. Rd3+ {[%emt 0:00:01]} Ke7 {[%emt 0:00:16]} 79. Rdc3 {[%emt 0:00:24]} Kd6 {[%emt 0:00:04]} 80. Kb4 {[%emt 0:05:23]} h4 {[%emt 0:04:40]} 81. Kb5 {[%emt 0:00:00]} Rh7 {[%emt 0:03:51]} 82. Rd4+ {[%emt 0:00:00]} Kc7 {[%emt 0:00:11]} 83. Rd7+ {[%emt 0:00:00]} 1-0

[Event "XII Sabadell Open 2019"]
[Site "Sabadell"]
[Date "2019.09.10"]
[Round "9.13"]
[White "Bedoya Rosales, Luis"]
[Black "Borrellas Comellas, Josep"]
[Result "1-0"]
[WhiteElo "1918"]
[BlackElo "1943"]
[Annotator "NA RC"]
[PlyCount "117"]
[EventDate "2019.09.01"]
[EventCountry "ESP"]
[SourceTitle "playchess.com"]
[Source "ChessBase"]
[SourceQuality "1"]
[TimeControl "5400+30"]

1. e4 {[%emt 0:33:28]} e5 {[%emt 0:00:55]} 2. Nf3 {[%emt 0:00:03]} Nc6 {[%emt 0:00:13]} 3. Bc4 {[%emt 0:00:02]} Be7 {[%emt 0:00:35]} 4. d3 {[%emt 0:00:38]} d6 {[%emt 0:00:22]} 5. c3 {[%emt 0:00:18]} Na5 {[%emt 0:05:09]} 6. Bb5+ {[%emt 0:01:04]} Bd7 {[%emt 0:00:26]} 7. Ba4 {[%emt 0:05:16]} Nc6 {[%emt 0:03:30]} 8. O-O {[%emt 0:01:13]} Nf6 {[%emt 0:00:31]} 9. Re1 {[%emt 0:00:51]} O-O {[%emt 0:00:19]} 10. h3 {[%emt 0:02:12]} Re8 {[%emt 0:01:51]} 11. Nbd2 {[%emt 0:02:23]} Bf8 {[%emt 0:00:48]} 12. Nf1 {[%emt 0:03:18]} Ne7 {[%emt 0:02:21]} 13. Bc2 {[%emt 0:05:23]} Ng6 {[%emt 0:01:34]} 14. Ng3 {[%emt 0:10:40]} d5 {[%emt 0:10:47]} 15. Bg5 {[%emt 0:00:53]} dxe4 {[%emt 0:09:01]} 16. dxe4 {[%emt 0:05:37]} Be7 {[%emt 0:00:08]} 17. Nf5 {[%emt 0:05:33]} h6 {[%emt 0:01:06]} 18. Nxe7+ {[%emt 0:01:26]} Qxe7 {[%emt 0:01:45]} 19. Bxf6 {[%emt 0:00:08]} gxf6 {[%emt 0:00:27]} 20. Nh2 {[%emt 0:02:02]} Nf4 {[%emt 0:02:33]} 21. Ng4 {[%emt 0:06:05]} Bxg4 {[%emt 0:05:08]} 22. Qxg4+ {[%emt 0:05:00]} Kh8 {[%emt 0:00:50]} 23. Qh4 {[%emt 0:07:20]} Kh7 {[%emt 0:01:31]} 24. g3 {[%emt 0:01:58]} Rg8 {[%emt 0:03:01]} 25. Kh2 {[%emt 0:01:07]} Ne6 {[%emt 0:05:59]} 26. Qh5 {[%emt 0:04:17]} Rg5 {[%emt 0:00:59]} 27. Qf3 {[%emt 0:01:32]} Rag8 {[%emt 0:03:11]} 28. Rad1 {[%emt 0:01:20]} Rd8 {[%emt 0:01:26]} 29. Rd5 {[%emt 0:02:47]} c6 {[%emt 0:01:33]} 30. Rxd8 {[%emt 0:00:05]} Nxd8 {[%emt 0:02:17]} 31. Rd1 {[%emt 0:00:18]} Ne6 {[%emt 0:00:36]} 32. Qe3 {[%emt 0:02:06]} b6 {[%emt 0:00:59]} 33. Ba4 {[%emt 0:05:24]} b5 {[%emt 0:00:19]} 34. Bc2 {[%emt 0:00:04]} Rg8 {[%emt 0:00:38]} 35. a4 {[%emt 0:01:31]} Rd8 {[%emt 0:01:38]} 36. axb5 {[%emt 0:01:20]} Rxd1 {[%emt 0:00:35]} 37. Bxd1 {[%emt 0:00:03]} cxb5 {[%emt 0:00:49]} 38. Bg4 {[%emt 0:00:38]} Ng7 {[%emt 0:02:54]} 39. h4 {[%emt 0:01:03]} h5 {[%emt 0:00:53]} 40. Be2 {[%emt 0:00:28]} Qd7 {[%emt 0:01:24]} 41. b4 {[%emt 0:03:05]} a6 {[%emt 0:01:36]} 42. Kg2 {[%emt 0:00:09]} Qc6 {[%emt 0:00:42]} 43. Bf3 {[%emt 0:00:59]} Kg6 {[%emt 0:00:44]} 44. Qd3 {[%emt 0:00:37]} Ne6 {[%emt 0:01:00]} 45. Kf1 {[%emt 0:00:20]} Qc7 {[%emt 0:01:29]} 46. Bd1 {[%emt 0:00:27]} Qd8 {[%emt 0:01:20]} 47. Qxd8 {[%emt 0:00:38]} Nxd8 {[%emt 0:00:02]} 48. Ke1 {[%emt 0:00:30]} Nb7 {[%emt 0:00:43]} 49. Kd2 {[%emt 0:00:31]} Nd6 {[%emt 0:00:08]} 50. Kd3 {[%emt 0:00:27]} Nc4 {[%emt 0:03:10]} 51. Bb3 {[%emt 0:00:33]} Nb2+ {[%emt 0:02:14]} 52. Ke2 {[%emt 0:00:31]} f5 {[%emt 0:00:11]} 53. exf5+ {[%emt 0:00:13]} Kxf5 {[%emt 0:00:18]} 54. Bxf7 {[%emt 0:00:13]} Na4 {[%emt 0:00:51]} 55. Kd3 {[%emt 0:00:31]} Kg4 {[%emt 0:00:51]} 56. Bd5 {[%emt 0:00:34]} Nb6 {[%emt 0:00:34]} 57. Bb7 {[%emt 0:00:55]} Nc4 {[%emt 0:01:00]} 58. Ke2 {[%emt 0:00:29]} Na3 {[%emt 0:01:18]} 59. Bc8# {[%emt 0:00:21]} 1-0

[Event "XII Sabadell Open 2019"]
[Site "Sabadell"]
[Date "2019.09.10"]
[Round "9.14"]
[White "Castaneda Munoz, Antonio"]
[Black "Tortosa Moros, Joan"]
[Result "0-1"]
[WhiteElo "1603"]
[BlackElo "1647"]
[Annotator "NA RC"]
[PlyCount "136"]
[EventDate "2019.09.01"]
[EventCountry "ESP"]
[SourceTitle "playchess.com"]
[Source "ChessBase"]
[SourceQuality "1"]
[TimeControl "5400+30"]

1. d4 {[%emt 0:02:15]} Nf6 {[%emt 0:00:00]} 2. Nf3 {[%emt 0:02:14]} e6 {[%emt 0:00:03]} 3. Bf4 {[%emt 0:00:29]} d5 {[%emt 0:00:25]} 4. e3 {[%emt 0:00:10]} c5 {[%emt 0:00:19]} 5. c3 {[%emt 0:00:05]} Nc6 {[%emt 0:00:45]} 6. Nbd2 {[%emt 0:00:16]} Be7 {[%emt 0:01:09]} 7. Bd3 {[%emt 0:02:22]} c4 {[%emt 0:00:28]} 8. Bc2 {[%emt 0:00:00]} O-O {[%emt 0:01:08]} 9. O-O {[%emt 0:02:12]} Nh5 {[%emt 0:02:04]} 10. Bxh7+ {[%emt 0:01:17]} Kxh7 {[%emt 0:02:06]} 11. Ng5+ {[%emt 0:00:28]} Bxg5 {[%emt 0:01:02]} 12. Qxh5+ {[%emt 0:01:32]} Bh6 {[%emt 0:00:27]} 13. Nf3 {[%emt 0:03:14]} f6 {[%emt 0:03:22]} 14. Nd2 {[%emt 0:11:43]} Qe8 {[%emt 0:02:32]} 15. Qf3 {[%emt 0:00:07]} Bxf4 {[%emt 0:01:12]} 16. exf4 {[%emt 0:01:38]} Ne7 {[%emt 0:05:37]} 17. Rfe1 {[%emt 0:00:00]} f5 {[%emt 0:05:16]} 18. Qh3+ {[%emt 0:02:03]} Kg8 {[%emt 0:00:29]} 19. Nf3 {[%emt 0:01:10]} Rf6 {[%emt 0:00:08]} 20. Ng5 {[%emt 0:00:00]} Rh6 {[%emt 0:01:46]} 21. Qg3 {[%emt 0:01:34]} Qh5 {[%emt 0:02:04]} 22. h3 {[%emt 0:02:45]} Bd7 {[%emt 0:03:43]} 23. Qe3 {[%emt 0:00:49]} Re8 {[%emt 0:03:36]} 24. b3 {[%emt 0:06:09]} a6 {[%emt 0:06:02]} 25. bxc4 {[%emt 0:00:00]} dxc4 {[%emt 0:00:16]} 26. a4 {[%emt 0:00:00]} Nd5 {[%emt 0:05:05]} 27. Qd2 {[%emt 0:03:19]} Rg6 {[%emt 0:00:00]} 28. g3 {[%emt 0:02:40]} Nf6 {[%emt 0:00:06]} 29. h4 {[%emt 0:06:50]} Nh7 {[%emt 0:02:43]} 30. Rab1 {[%emt 0:04:31]} Nxg5 {[%emt 0:01:23]} 31. fxg5 {[%emt 0:01:13]} Bc6 {[%emt 0:01:09]} 32. Qe3 {[%emt 0:00:42]} Qf3 {[%emt 0:04:03]} 33. Qxf3 {[%emt 0:01:23]} Bxf3 {[%emt 0:01:04]} 34. a5 {[%emt 0:05:04]} f4 {[%emt 0:07:30]} 35. Re5 {[%emt 0:00:34]} fxg3 {[%emt 0:03:25]} 36. fxg3 {[%emt 0:00:29]} Re7 {[%emt 0:01:55]} 37. Rb4 {[%emt 0:00:29]} Rc7 {[%emt 0:01:21]} 38. Rb6 {[%emt 0:00:51]} Bg4 {[%emt 0:02:18]} 39. d5 {[%emt 0:01:23]} Rc5 {[%emt 0:06:32]} 40. Kf2 {[%emt 0:03:50]} Kh7 {[%emt 0:00:00]} 41. Ke3 {[%emt 0:04:56]} exd5 {[%emt 0:04:24]} 42. Rxb7 {[%emt 0:03:38]} Rxa5 {[%emt 0:02:19]} 43. Kf4 {[%emt 0:00:00]} Re6 {[%emt 0:07:26]} 44. Re7 {[%emt 0:02:02]} Rxe7 {[%emt 0:00:00]} 45. Rxe7 {[%emt 0:01:38]} Bd1 {[%emt 0:01:41]} 46. Re1 {[%emt 0:00:07]} Bc2 {[%emt 0:00:00]} 47. h5 {[%emt 0:01:28]} Kg8 {[%emt 0:01:51]} 48. g6 {[%emt 0:01:48]} Kf8 {[%emt 0:01:00]} 49. Re5 {[%emt 0:02:30]} Rb5 {[%emt 0:00:44]} 50. Re6 {[%emt 0:06:41]} a5 {[%emt 0:00:44]} 51. g4 {[%emt 0:02:00]} a4 {[%emt 0:00:35]} 52. Ra6 {[%emt 0:00:00]} Rb1 {[%emt 0:02:15]} 53. g5 {[%emt 0:00:00]} Rf1+ {[%emt 0:00:22]} 54. Ke5 {[%emt 0:00:51]} Re1+ {[%emt 0:02:13]} 55. Kd6 {[%emt 0:00:44]} Re8 {[%emt 0:00:40]} 56. Kxd5 {[%emt 0:01:57]} Bb3 {[%emt 0:01:49]} 57. h6 {[%emt 0:00:58]} Rd8+ {[%emt 0:03:06]} 58. Kc6 {[%emt 0:02:26]} gxh6 {[%emt 0:00:19]} 59. gxh6 {[%emt 0:00:21]} Bc2 {[%emt 0:01:00]} 60. Kc7 {[%emt 0:05:03]} Re8 {[%emt 0:00:12]} 61. Rf6+ {[%emt 0:00:28]} Kg8 {[%emt 0:00:45]} 62. Kd7 {[%emt 0:00:33]} Ra8 {[%emt 0:00:50]} 63. h7+ {[%emt 0:02:26]} Kg7 {[%emt 0:00:26]} 64. Re6 {[%emt 0:00:54]} Bf5 {[%emt 0:00:38]} 65. Kd6 {[%emt 0:00:24]} Bxe6 {[%emt 0:00:05]} 66. Kxe6 {[%emt 0:00:08]} Kxg6 {[%emt 0:00:38]} 67. Kd5 {[%emt 0:00:42]} a3 {[%emt 0:00:17]} 68. h8=Q {[%emt 0:00:54]} Rxh8 {[%emt 0:00:01]} 0-1

[Event "XII Sabadell Open 2019"]
[Site "Sabadell"]
[Date "2019.09.10"]
[Round "9.15"]
[White "Alcon Davalos, Marc"]
[Black "Fernandez Pintado, Xavier"]
[Result "1/2-1/2"]
[WhiteElo "1459"]
[BlackElo "1590"]
[Annotator "NA"]
[PlyCount "50"]
[EventDate "2019.09.01"]
[EventCountry "ESP"]
[SourceTitle "playchess.com"]
[Source "ChessBase"]
[SourceQuality "1"]
[TimeControl "5400+30"]

1. e4 {[%emt 0:01:20]} c5 {[%emt 0:00:11]} 2. Nf3 {[%emt 0:00:23]} d6 {[%emt 0:00:32]} 3. c3 {[%emt 0:00:59]} g6 {[%emt 0:00:39]} 4. d4 {[%emt 0:00:59]} cxd4 {[%emt 0:00:20]} 5. cxd4 {[%emt 0:02:18]} Bg7 {[%emt 0:00:11]} 6. Be3 {[%emt 0:00:17]} Nf6 {[%emt 0:01:38]} 7. Nc3 {[%emt 0:00:31]} O-O {[%emt 0:00:32]} 8. h3 {[%emt 0:00:27]} a6 {[%emt 0:00:49]} 9. Bd3 {[%emt 0:00:16]} b5 {[%emt 0:00:29]} 10. O-O {[%emt 0:00:30]} Bb7 {[%emt 0:00:07]} 11. b4 {[%emt 0:00:41]} Nbd7 {[%emt 0:03:42]} 12. Rc1 {[%emt 0:00:45]} Rc8 {[%emt 0:00:36]} 13. Qd2 {[%emt 0:00:22]} Re8 {[%emt 0:00:14]} 14. Rc2 {[%emt 0:02:49]} Nb6 {[%emt 0:02:41]} 15. Qe2 {[%emt 0:03:14]} Nfd7 {[%emt 0:01:30]} 16. Nd2 {[%emt 0:01:42]} e6 {[%emt 0:00:10]} 17. Rfc1 {[%emt 0:00:41]} Qe7 {[%emt 0:01:01]} 18. Nd1 {[%emt 0:02:37]} Rxc2 {[%emt 0:00:19]} 19. Rxc2 {[%emt 0:00:12]} d5 {[%emt 0:00:21]} 20. Nb2 {[%emt 0:02:19]} Nc4 {[%emt 0:00:14]} 21. Bxc4 {[%emt 0:00:41]} bxc4 {[%emt 0:00:30]} 22. a3 {[%emt 0:00:39]} Nb6 {[%emt 0:00:47]} 23. e5 {[%emt 0:00:50]} Rc8 {[%emt 0:00:11]} 24. Rc3 {[%emt 0:00:51]} Bc6 {[%emt 0:01:13]} 25. Qd1 {[%emt 0:01:18]} f5 {[%emt 0:00:37]} 1/2-1/2